000 00812nam a2200265 i 4500
003 OSt
005 20260423123729.0
008 260423t20251901enk er 000 f eng d
020 _a9780241699584
_cRM 99.95
_qhardback
040 _aPPAK
_beng
_cPPAK
_erda
082 0 4 _223
_a823.912
090 0 0 _a823.912
_bFRA
_dG
100 1 _aFranklin, Miles,
_d1879-1954,
_eauthor.
245 1 0 _aMy Brilliant Career /
_bMILES FRANKLIN
264 _aLondon :
_bPENGUIN CLASSICS,
_c2025
264 4 _c©1901
300 _avi, 252 pages ;
_c20 cm
336 _atext
_2rdacontent
337 _aunmediated
_2rdamedia
338 _avolume
_2rdacarrier
650 1 0 _aYoung women
_zAustralia
_vFiction.
650 2 0 _aCountry life
_zAustralia
_vFiction.
650 2 0 _aAmbition
_zFiction
942 _2ddc
_cB
999 _c203986
_d203986